[Event "AUT-ch Seniors 65"]
[Site "Vienna"]
[Date "2023.05.19"]
[Round "5"]
[White "Sepetavc, Walter"]
[Black "Kopinits, Silvia"]
[Result "1/2-1/2"]
[WhiteElo "1806"]
[BlackElo "1657"]
[PlyCount "98"]
[EventDate "2023.05.15"]
[EventType "swiss"]
[EventRounds "7"]
[EventCountry "AUT"]
[SourceTitle "CBM 214 Extra"]
[Source "ChessBase"]
[SourceDate "2023.07.31"]
[SourceVersion "1"]
[SourceVersionDate "2023.07.31"]
[SourceQuality "1"]

1. e4 c5 2. Nf3 d6 3. Bb5+ Bd7 4. Bxd7+ Nxd7 5. 0-0 e6 6. d4 cxd4 7. Qxd4 Qb6 8. Be3 Qxd4 9. Nxd4 a6 10. Nc3 Be7 11. f4 Ngf6 12. Rae1 0-0 13. h3 Rfd8 14. g4 Rac8 15. g5 Nh5 16. f5 exf5 17. exf5 Bf8 18. Rf2 Re8 19. Kg2 Re5 20. Rfe2 Rce8 21. Bd2 Rxe2+ 22. Rxe2 Rxe2+ 23. Ndxe2 Ne5 24. Nd5 f6 25. h4 Kf7 26. Nd4 g6 27. fxg6+ Nxg6 28. Kh3 fxg5 29. hxg5 Ng7 30. c4 Ne6 31. Nf5 Ng7 32. Nh6+ Ke6 33. Nf6 Be7 34. Nxh7 d5 35. cxd5+ Kxd5 36. Ng8 Bd6 37. Nhf6+ Ke6 38. Nh6 Be5 39. Bc3 Bxc3 40. bxc3 Nf4+ 41. Kg4 Ne2 42. c4 Nc3 43. a3 Nd1 44. Kf4 Nb2 45. Ne4 Nxc4 46. Nc5+ Kd5 47. Nxb7 Nxa3 48. Nf5 Ne6+ 49. Kg4 Nxg5 1/2-1/2

[Event "Pula op 32nd"]
[Site "Pula"]
[Date "2018.06.23"]
[Round "1"]
[White "Beletic, Daniel"]
[Black "Sepetavc, Walter"]
[Result "1-0"]
[WhiteElo "2370"]
[BlackElo "1854"]
[PlyCount "69"]
[EventDate "2018.06.23"]
[EventType "swiss"]
[EventRounds "9"]
[EventCountry "CRO"]
[SourceTitle "EXT 2019"]
[Source "ChessBase"]
[SourceDate "2018.10.10"]
[SourceVersion "1"]
[SourceVersionDate "2018.10.10"]
[SourceQuality "1"]

1. d4 Nf6 2. Nf3 d5 3. Bf4 e6 4. Nbd2 Nh5 5. Bg3 Nxg3 6. hxg3 c5 7. e3 Nc6 8. c3 cxd4 9. exd4 g6 10. Bd3 Bg7 11. Qe2 Qc7 12. 0-0 0-0 13. Rfe1 a6 14. Rac1 b6 15. Ne5 Nxe5 16. dxe5 Bb7 17. Nf3 b5 18. Qe3 Rac8 19. Nd4 Qe7 20. a3 Rc7 21. Re2 Rfc8 22. Rce1 Bc6 23. f4 Bd7 24. g4 Qc5 25. Rf2 a5 26. f5 b4 27. cxb4 axb4 28. a4 b3 29. Qf4 Qb4 30. Re3 Rc1+ 31. Kh2 Rf8 32. f6 Bh8 33. Bxg6 hxg6 34. Rh3 Qe1 35. Rxh8+ 1-0

[Event "Steyr Landesliga 1718"]
[Site "Austria"]
[Date "2017.10.07"]
[Round "2.7"]
[White "Peinhopf, Max"]
[Black "Sepetavc, Walter"]
[Result "1/2-1/2"]
[WhiteElo "2036"]
[BlackElo "1888"]
[PlyCount "106"]
[EventDate "2017.09.30"]
[EventType "team-tourn"]
[EventRounds "11"]
[EventCountry "AUT"]
[SourceTitle "CBM 181 Extra"]
[Source "ChessBase"]
[SourceDate "2017.12.12"]
[SourceVersion "1"]
[SourceVersionDate "2017.12.12"]
[SourceQuality "1"]
[WhiteTeam "Ratten Krieglach"]
[BlackTeam "Soechau"]
[WhiteTeamCountry "AUT"]
[BlackTeamCountry "AUT"]

1. d4 Nf6 2. c4 e6 3. Nc3 Bb4 4. Qc2 0-0 5. Nf3 d5 6. a3 Bxc3+ 7. Qxc3 Ne4 8. Qc2 b6 9. g3 Ba6 10. cxd5 exd5 11. Bg2 Nd7 12. 0-0 c5 13. Be3 Rc8 14. Qd1 Ndf6 15. Bh3 Rc7 16. Bf4 Re7 17. Ne5 Bb7 18. Rc1 c4 19. Qa4 a6 20. Nc6 Bxc6 21. Qxc6 Nh5 22. Be3 f5 23. Rcd1 Rf6 24. Qa4 b5 25. Qc2 Qd6 26. Bc1 f4 27. g4 Rg6 28. f3 Ng5 29. Bg2 Nf6 30. h4 Nf7 31. Kf2 Nd7 32. Rfe1 Rge6 33. Bh3 Rh6 34. h5 Qf6 35. Kg2 Ng5 36. Rh1 g6 37. hxg6 hxg6 38. Rh2 Reh7 39. Rdh1 Nf8 40. Qd2 Nfe6 41. e3 Qh8 42. exf4 Nxh3 43. Qe1 Nhxf4+ 44. Bxf4 Nxf4+ 45. Kg3 Rh3+ 46. Rxh3 Rxh3+ 47. Rxh3 Qxh3+ 48. Kxf4 Kf7 49. Qe2 Qh4 50. Qc2 Kf6 51. Qe2 g5+ 52. Ke3 Qg3 53. Kd2 a5 1/2-1/2

[Event "AUT-ch Seniors"]
[Site "Wirt im Feld"]
[Date "2015.09.15"]
[Round "3"]
[White "Sepetavc, Walter"]
[Black "Almer, Guenter"]
[Result "1/2-1/2"]
[WhiteElo "1960"]
[BlackElo "1683"]
[PlyCount "60"]
[EventDate "2015.09.13"]
[EventType "swiss"]
[EventRounds "7"]
[EventCountry "AUT"]
[SourceTitle "EXT 2016"]
[Source "ChessBase"]
[SourceDate "2015.10.08"]
[SourceVersion "1"]
[SourceVersionDate "2015.10.08"]
[SourceQuality "1"]

1. e4 d6 2. d4 Nf6 3. Nc3 g6 4. Be2 Bg7 5. Be3 0-0 6. h4 h5 7. f3 Nbd7 8. Qd2 c5 9. d5 a6 10. g4 Ne5 11. gxh5 Nxh5 12. Nh3 Ng3 13. Rh2 Nxe2 14. Qxe2 b5 15. Ng5 Nc4 16. Nd1 Nxe3 17. Qxe3 Bh6 18. f4 f6 19. Nf3 Bg4 20. Nf2 Bh5 21. 0-0-0 Qd7 22. Rg1 e5 23. dxe6 Qxe6 24. Kb1 Kf7 25. Rhg2 Rg8 26. Nd2 Rae8 27. Ng4 Bxg4 28. Rxg4 f5 29. R4g3 fxe4 30. b4 Qf5 1/2-1/2

[Event "AUT-ch"]
[Site "Pinkafeld"]
[Date "2015.07.27"]
[Round "3"]
[White "Bauer, Thomas"]
[Black "Sepetavc, Walter"]
[Result "1-0"]
[WhiteElo "2010"]
[BlackElo "1987"]
[PlyCount "62"]
[EventDate "2015.07.25"]
[EventType "swiss"]
[EventRounds "9"]
[EventCountry "AUT"]
[SourceTitle "CBM 167 Extra"]
[Source "ChessBase"]
[SourceDate "2015.09.14"]
[SourceVersion "1"]
[SourceVersionDate "2015.09.14"]
[SourceQuality "1"]

1. e4 c5 2. Nf3 d6 3. d4 cxd4 4. Nxd4 Nf6 5. Nc3 a6 6. h3 g6 7. Be3 Bg7 8. Qd2 0-0 9. Bh6 Nc6 10. Bxg7 Kxg7 11. 0-0-0 Bd7 12. g4 Rc8 13. Nxc6 Bxc6 14. g5 Nd7 15. h4 b5 16. Bh3 Rc7 17. Qd4+ Kg8 18. h5 e5 19. Qe3 Nc5 20. hxg6 fxg6 21. Bg4 Rf4 22. Qxc5 Rxg4 23. Rxd6 Qxg5+ 24. f4 exf4 25. Qb6 f3+ 26. Kb1 Rc8 27. Qa7 h5 28. Rhd1 Rf8 29. Rxc6 f2 30. Rc7 Qh6 31. Nd5 f1Q 1-0

[Event "AUT-ch"]
[Site "Pinkafeld"]
[Date "2015.07.26"]
[Round "2"]
[White "Sepetavc, Walter"]
[Black "Spiesberger, Gerhard"]
[Result "0-1"]
[WhiteElo "1987"]
[BlackElo "2075"]
[PlyCount "128"]
[EventDate "2015.07.25"]
[EventType "swiss"]
[EventRounds "9"]
[EventCountry "AUT"]
[SourceTitle "CBM 167 Extra"]
[Source "ChessBase"]
[SourceDate "2015.09.14"]
[SourceVersion "1"]
[SourceVersionDate "2015.09.14"]
[SourceQuality "1"]

1. e4 d5 2. exd5 Qxd5 3. Nc3 Qd8 4. Bc4 Nf6 5. d3 Nc6 6. Bg5 e6 7. Nf3 Be7 8. Qd2 0-0 9. a3 Nd5 10. Bxe7 Qxe7 11. Ne4 a6 12. 0-0 b5 13. Ba2 Bb7 14. b4 Rad8 15. Nc5 Bc8 16. Rfe1 Qf6 17. Qg5 Qxg5 18. Nxg5 Nd4 19. Bb3 Rfe8 20. Rac1 Nc3 21. Kf1 h6 22. Nge4 Nxb3 23. Nxb3 Na4 24. Nec5 Nb6 25. c4 e5 26. f3 f6 27. Kf2 Kf7 28. Red1 bxc4 29. dxc4 Rxd1 30. Rxd1 Nxc4 31. a4 Ke7 32. b5 axb5 33. axb5 Nd6 34. Na5 Nxb5 35. Nc6+ Kf7 36. g4 Nd6 37. h4 e4 38. Re1 exf3 39. Rxe8 Kxe8 40. Kxf3 Bb7 41. Nxb7 Nxb7 42. Ke4 Kf7 43. Kd5 g6 44. Nd4 Nd8 45. h5 Kg7 46. Kc5 f5 47. gxf5 gxh5 48. Kd5 Kf6 49. Ke4 h4 50. Kf4 h3 51. Nf3 Nf7 52. Nh2 h5 53. Nf3 Nh6 54. Kg3 Nxf5+ 55. Kxh3 Ke6 56. Ng5+ Kd5 57. Nh7 Kd4 58. Nf6 h4 59. Kg4 c5 60. Kxf5 h3 61. Ng4 c4 62. Kf4 c3 63. Ne3 h2 64. Nf5+ Kd3 0-1

[Event "Vienna-ch op"]
[Site "Vienna"]
[Date "2014.09.14"]
[Round "9"]
[White "Sepetavc, Walter"]
[Black "Steiner, Bruno"]
[Result "1/2-1/2"]
[WhiteElo "1940"]
[BlackElo "2212"]
[PlyCount "23"]
[EventDate "2014.09.06"]
[EventType "swiss"]
[EventRounds "9"]
[EventCountry "AUT"]
[SourceTitle "CBM 162 Extra"]
[Source "ChessBase"]
[SourceDate "2014.10.17"]
[SourceVersion "1"]
[SourceVersionDate "2014.10.17"]
[SourceQuality "1"]

1. d4 Nf6 2. Nf3 d5 3. e3 e6 4. Bd3 b6 5. 0-0 Bb7 6. Nbd2 Nbd7 7. c4 Be7 8. b3 Ne4 9. Bb2 0-0 10. Rc1 Rc8 11. Qe2 Nxd2 12. Nxd2 1/2-1/2

[Event "Vienna-ch op"]
[Site "Vienna"]
[Date "2014.09.10"]
[Round "5"]
[White "Sepetavc, Walter"]
[Black "Dragnev, Valentin"]
[Result "1-0"]
[WhiteElo "1940"]
[BlackElo "2151"]
[PlyCount "135"]
[EventDate "2014.09.06"]
[EventType "swiss"]
[EventRounds "9"]
[EventCountry "AUT"]
[SourceTitle "CBM 162 Extra"]
[Source "ChessBase"]
[SourceDate "2014.10.17"]
[SourceVersion "1"]
[SourceVersionDate "2014.10.17"]
[SourceQuality "1"]

1. e4 c5 2. Nf3 e6 3. g3 d5 4. exd5 exd5 5. d4 Nf6 6. Bg2 Be7 7. 0-0 0-0 8. Nc3 Nc6 9. Be3 Bg4 10. h3 cxd4 11. Bxd4 Be6 12. Be3 Qd7 13. Kh2 Rac8 14. Ne2 Bf5 15. Ned4 Be4 16. Re1 Rfe8 17. c3 h6 18. Qa4 Bd6 19. Nxc6 bxc6 20. Nd2 Qf5 21. Qd1 Rcd8 22. Bd4 c5 23. Bxf6 Qxf6 24. Kg1 Bxg2 25. Kxg2 Rxe1 26. Qxe1 Rb8 27. Qb1 Qe5 28. Nf3 Qf6 29. Qc2 Rd8 30. Rd1 Bc7 31. b4 cxb4 32. cxb4 Bb6 33. a4 a5 34. b5 d4 35. Qc6 Rd6 36. Qe8+ Kh7 37. Qe4+ g6 38. Qe5 Qd8 39. Rd3 Rd5 40. Qe4 Qd6 41. Nd2 Qc5 42. Nf3 Kg7 43. h4 Rf5 44. g4 Qd5 45. Nd2 Qxe4+ 46. Nxe4 Rd5 47. Nd2 Rc5 48. Rxd4 Rxb5 49. Rd6 Rb4 50. Kf3 Bd4 51. h5 gxh5 52. gxh5 Rxa4 53. Ne4 Be5 54. Rd5 Ba1 55. Ng3 Ra3+ 56. Kg4 a4 57. Nf5+ Kf6 58. f4 Be5 59. fxe5+ Ke6 60. Ra5 Ra1 61. Nd4+ Kd7 62. Ra7+ Ke8 63. Nb5 Rg1+ 64. Kf4 Rh1 65. Nd6+ Kf8 66. Rxf7+ Kg8 67. Ra7 Rxh5 68. e6 1-0

[Event "Styrian op-B"]
[Site "Bad Gleichenberg"]
[Date "2013.07.06"]
[Round "1"]
[White "Sepetavc, Walter"]
[Black "Landl, Margot"]
[Result "1-0"]
[WhiteElo "1988"]
[BlackElo "1790"]
[PlyCount "49"]
[EventDate "2013.07.06"]
[EventType "swiss"]
[EventRounds "9"]
[EventCountry "AUT"]
[SourceTitle "EXT 2015"]
[Source "ChessBase"]
[SourceDate "2014.11.20"]
[SourceVersion "1"]
[SourceVersionDate "2014.11.20"]
[SourceQuality "1"]

1. e4 c6 2. d4 d5 3. e5 c5 4. c3 Nc6 5. Be3 e6 6. a3 cxd4 7. cxd4 Nge7 8. Bd3 Qb6 9. b4 a6 10. Nf3 Nf5 11. Nc3 Nxe3 12. fxe3 Be7 13. 0-0 0-0 14. Ra2 Bd7 15. Raf2 Na7 16. h4 h6 17. Bb1 Bb5 18. Nxb5 Nxb5 19. Qd3 g6 20. h5 f5 21. exf6 Rxf6 22. Ne5 Rf5 23. Nxg6 Bg5 24. Rxf5 exf5 25. Qxf5 1-0

[Event "Vienna Husek op-A"]
[Site "Vienna"]
[Date "2012.08.14"]
[Round "2"]
[White "Kende, Richard"]
[Black "Sepetavc, Walter"]
[Result "1/2-1/2"]
[WhiteElo "2077"]
[BlackElo "2030"]
[PlyCount "131"]
[EventDate "2012.08.13"]
[EventType "swiss"]
[EventRounds "7"]
[EventCountry "AUT"]
[SourceTitle "EXT 2014"]
[Source "ChessBase"]
[SourceDate "2013.11.20"]
[SourceVersion "1"]
[SourceVersionDate "2013.11.20"]
[SourceQuality "1"]

1. d4 d5 2. Nf3 e6 3. g3 Nf6 4. Bg2 Be7 5. c4 0-0 6. 0-0 b6 7. b3 Bb7 8. Ba3 Bxa3 9. Nxa3 Qe7 10. Qc1 c5 11. Qb2 Nc6 12. dxc5 bxc5 13. e3 Rfd8 14. cxd5 exd5 15. Rfe1 Ne4 16. Rad1 Rab8 17. Nh4 g6 18. f3 Nf6 19. g4 Nxg4 20. Nxg6 hxg6 21. fxg4 Qg5 22. h3 Ne5 23. Qf2 Qe7 24. Kh2 c4 25. Nc2 Nd3 26. Rxd3 cxd3 27. Nd4 Rbc8 28. Qd2 Qe5+ 29. Kh1 Ba6 30. b4 Bc4 31. b5 Rd7 32. a4 Re8 33. Qf2 Kg7 34. Bf3 Qf6 35. Kg2 Rde7 36. h4 Qd6 37. Nc6 Rc7 38. Qb2+ Qf6 39. Nd4 Rce7 40. g5 Qe5 41. Qf2 f6 42. Nc6 Qc3 43. h5 Rf7 44. hxg6 Kxg6 45. Bh5+ Kxh5 46. Rh1+ Kg6 47. Rh6+ Kg7 48. Nd4 fxg5 49. Rh7+ Kxh7 50. Qxf7+ Kh8 51. Qxe8+ Kh7 52. Qf7+ Kh8 53. Qf8+ Kh7 54. Qf7+ Kh8 55. Qf8+ Kh7 56. Qf5+ Kh8 57. Qe5+ Kh7 58. Qe7+ Kh8 59. Nf5 d2 60. Qf8+ Kh7 61. Qf7+ Kh8 62. Qh5+ Kg8 63. Qg6+ Kf8 64. Qd6+ Kf7 65. Nh6+ Kg7 66. Nf5+ 1/2-1/2

[Event "Oberwart op-A 34th"]
[Site "Oberwart"]
[Date "2012.07.09"]
[Round "3"]
[White "Sepetavc, Walter"]
[Black "Reinwald, Patrick"]
[Result "1-0"]
[WhiteElo "2010"]
[BlackElo "2198"]
[PlyCount "117"]
[EventDate "2012.07.07"]
[EventType "swiss"]
[EventRounds "9"]
[EventCountry "AUT"]
[SourceTitle "CBM 149 Extra"]
[Source "ChessBase"]
[SourceDate "2012.08.24"]
[SourceVersion "1"]
[SourceVersionDate "2012.08.24"]
[SourceQuality "1"]

1. e4 e5 2. Nc3 Nf6 3. g3 c6 4. d4 Bb4 5. Bg2 d5 6. dxe5 Nxe4 7. Bxe4 dxe4 8. Qxd8+ Kxd8 9. Bg5+ Kc7 10. Nge2 Bf5 11. a3 Bxc3+ 12. Nxc3 h6 13. Be7 Re8 14. Bd6+ Kc8 15. 0-0-0 Nd7 16. Rhe1 Nxe5 17. Bxe5 Rxe5 18. Rd4 Kc7 19. f4 Re7 20. Nd1 Rae8 21. Ne3 Bc8 22. g4 g6 23. b4 f5 24. gxf5 Bxf5 25. b5 Rd7 26. Rxd7+ Bxd7 27. bxc6 Bxc6 28. Rg1 Re6 29. Kd2 Rf6 30. Kc3 Kd7 31. Kd4 Ke6 32. c4 Kf7 33. Ke5 Re6+ 34. Kd4 Kf6 35. c5 Re7 36. Ng4+ Kf5 37. Nxh6+ Kxf4 38. Rf1+ Kg5 39. Nf7+ Kg4 40. Ne5+ Kh3 41. Nxg6 Rd7+ 42. Ke5 Kg2 43. Rc1 Kf3 44. Nh4+ Ke3 45. Nf5+ Kd2 46. Rb1 Kc2 47. Re1 Rd5+ 48. Kf4 Rxc5 49. h4 Kd2 50. Rg1 Rc4 51. Ne3 Ra4 52. h5 Bd7 53. Rd1+ Ke2 54. Rxd7 Rxa3 55. Nf5 e3 56. h6 Kf2 57. Nxe3 Ra4+ 58. Kg5 Kxe3 59. h7 1-0

[Event "Oberwart op-A 34th"]
[Site "Oberwart"]
[Date "2012.07.08"]
[Round "2"]
[White "Posch, Roland"]
[Black "Sepetavc, Walter"]
[Result "0-1"]
[WhiteElo "2151"]
[BlackElo "2010"]
[PlyCount "78"]
[EventDate "2012.07.07"]
[EventType "swiss"]
[EventRounds "9"]
[EventCountry "AUT"]
[SourceTitle "CBM 149 Extra"]
[Source "ChessBase"]
[SourceDate "2012.08.24"]
[SourceVersion "1"]
[SourceVersionDate "2012.08.24"]
[SourceQuality "1"]

1. e4 c5 2. Nf3 g6 3. Nc3 Bg7 4. d4 cxd4 5. Nxd4 Nc6 6. Nb3 Nf6 7. Be2 0-0 8. 0-0 a5 9. a4 d6 10. Be3 Nb4 11. f4 Be6 12. Nd4 Rc8 13. Nxe6 fxe6 14. Bf3 Nd7 15. Bg4 Rf6 16. Bd4 e5 17. fxe5 dxe5 18. Rxf6 exd4 19. Rf2 Rc6 20. Nd5 Ne5 21. Nxb4 axb4 22. Be2 Bh6 23. Bb5 Rc5 24. Re2 Ng4 25. h3 Be3+ 26. Kh1 Rh5 27. Qf1 Qd6 28. g3 Qxg3 29. Bc4+ Kg7 30. Qf7+ Kh6 31. Qf8+ Kg5 32. Qxe7+ Nf6 33. Be6 Qf3+ 34. Rg2+ Kh4 35. Qxf6+ Qxf6 36. Rg4+ Kxh3 37. Rag1 Bxg1 38. Rxg6+ Qxe6 39. Rxe6 Be3 0-1